Cities Served by LATAM Brasil - Statistics

General Stats
  • This quiz has been taken 225 times
    155 since last reset
  • The average score is 32 of 64
Answer Stats
Cities % Correct
São Paulo
98%
Rio de Janeiro
97%
Brasília
84%
Manaus
83%
Salvador
83%
Recife
82%
Belo Horizonte
80%
Belém
78%
Curitiba
77%
Porto Alegre
75%
Florianópolis
74%
Fortaleza
72%
Natal
71%
Vitória
68%
Buenos Aires
63%
Cuiabá
63%
Santiago
62%
São Luís
62%
Goiânia
61%
João Pessoa
60%
Campo Grande
58%
Lima
58%
Aracaju
57%
Maceió
57%
Rio Branco
56%
Bogotá
54%
Palmas
54%
Macapá
53%
Miami
53%
New York City
53%
Paris
53%
Boa Vista
52%
Madrid
52%
Lisbon
50%
London
49%
Montevideo
49%
Porto Velho
49%
Teresina
49%
Orlando
46%
Asunción
43%
Mexico City
43%
Londrina
41%
Barcelona
40%
Frankfurt
37%
Uberlândia
36%
Joinville
35%
Ribeirão Preto
34%
Foz do Iguaçu
33%
Porto Seguro
32%
Maringá
30%
Navegantes
29%
Córdoba
28%
Chapecó
27%
Santa Cruz de la Sierra
26%
Santarém
25%
Johannesburg
24%
São José do Rio Preto
24%
Boston
22%
Ilhéus
22%
Imperatriz
18%
Marabá
15%
Punta del Este
13%
Jaguaruna
5%
Stanley
5%
No matching quizzes found
Score Distribution
Percent of People with Each Score
Percentile by Number Answered
Your Score History
You have not taken this quiz since the last reset